000
00311nam a2200133Ia 4500
008
240624s9999 xx 000 0 und d
041
_a
eng
082
_a
823 GREE
100
_a
GREENSLADE FRANCES
245
_a
SHELTER
260
_c
2011
_a
New Delhi
_b
Virago
300
_a
376 : p. : cm. ; 22
365
_c
RS
_b
25
999
_c
20003
_d
20003